Lanean...

Namme nithyam prachodippikkunna 366 mahathaya chinthakal

Xehetasun bibliografikoak
Egile nagusia: Tagore Rabindranadha
Formatua: Printed Book
Hizkuntza:Undetermined
Argitaratua: DC Books 2012
Kottayam
Gaiak:
LEADER 00717nam a2200241Ia 4500
008 141122s9999 xx 000 0 und d
020 |a 9788126433766 
040 |c . 
041 |a Malayalam 
082 |a 813.4 
082 |b RAB/NA 
100 |a Tagore Rabindranadha  
245 |a Namme nithyam prachodippikkunna 366 mahathaya chinthakal 
245 |c Tagore Rabindranadha  
260 |b DC Books 
260 |b Kottayam 
260 |c 2012 
300 |a 400 Pages 
365 |a 3000.00(12 vol.set)  
650 |a Referance 
942 |c BK 
999 |c 6680  |d 6680 
952 |0 0  |1 0  |4 0  |6 813_400000000000000_RABNA  |7 0  |9 6638  |a COVAS  |b COVAS  |d 0000-00-00  |g 3000.00  |l 4  |m 2  |o 813.4 RAB/NA  |p 22475  |r 2017-06-13  |s 2016-03-22  |w 2014-11-26  |y BK